Київська Русь (Запис № 318607)

МАРК-запис
000 -Лідер
fixed length control field 00746nam a22002657a 4500
001 - Контрольний номер
control field 32169
003 - Ідентифікатор контрольного номера
control field UA-OsUOA
005 - Дата та час останнього входження (трансакції)
control field 20260304111948.0
007 - Фіксоване поле фізичного опису
fixed length control field ta
008 - Елементи даних фіксованої довжини – загальна інформація
fixed length control field 20050124b un ||||| |||| 00| 0 ukr d
020 ## - Міжнародний стандартний книжковий номер (ISBN)
Міжнародний стандартний книжковий номер (ISBN) (НП) 586828028Х
040 ## - Джерело каталогізації
Агенція оригінальної каталогізації UA-OsUOA
Мова каталогізації ukr
Агенція, яка здійснювала перезапис UA-OsUOA
Агенція, яка здійснювала модифікацію UA-OsUOA
041 ## - Код мови
Код мови тексту/ звукової доріжки чи окремого заголовка (П) ukr
044 ## - Код країни видавця/ виробника
Код країни видавця/ виробника (П) UA
080 ## - Індекс Універсальної десяткової класифікації
Індекс Універсальної десяткової класифікації (УДК) (НП) 94(477).02
090 ## - Локальний шифр розміщення
Класифікаційний індекс УДК 94(477).02
Авторський знак (НП) Т52
100 ## - Основне введення – ім’я особи
Ім’я особи (НП) Толочко П.
Титули та інші слова, що асоціюються з іменем академік
9 (RLIN) 23237
245 ## - Відомості про назву
Назва (НП) Київська Русь
Дані про відповідальність (НП) Петро Толочко
260 ## - Публікація, розповсюдження і т.п. (Вихідні дані)
Місце публікації, розповсюдження і т.п. (П) К.
Ім’я/ наймення видавництва, розповсюджувача і т.п. (П) Абрис
Дата публікації, розповсюдження і т.п. (П) 1996
300 ## - Фізичний опис
Обсяг 360 с.
Інші фізичні характеристики (НП) іл.
650 #7 - Додаткове предметне введення – тематичний термін
Тематичний термін чи географічна назва, як елемент введення (НП) 94(477) Історія України
Джерело заголовка чи терміна UDC
9 (RLIN) 40
942 ## - Додаткові елементи входу (Коха)
Тип елемента Koha Книги
Source of classification or shelving scheme Universal Decimal Classification
955 ## - Код типу видання за змістом
Код типу видання за змістом (НП) Навчальні видання
Фонди
Стан вилучень Стан втрат Джерело класифікації або схеми стелажів Стан уражень Не для кредиту Постійне місце розташування Поточне розміщення Дата придбання Джерело придбання Вартість, звичайна ціна покупки Інвентарний номер Усього замовленно Повний номер виклику Штрих-код Дата останнього перегляду Дата останньої перевірки Ціна ефективна від Тип елемента Koha Код колекції Вартість, ціна заміни
    Universal Decimal Classification     АБ - Абонемент НБ АБ - Абонемент НБ 05/12/2018 52/2018 50.00 160617 2 94(477).02 Т52 160617 23/09/2025 22/09/2025 24/01/2005 Книги    
    Universal Decimal Classification     АБ - Абонемент НБ АБ - Абонемент НБ 26/01/2012 3/2012 15.00 136700   94(477) Т52 136700 06/02/2022   26/01/2012 Книги Колекція Жулинського М.Г.  
    Universal Decimal Classification     АБ - Абонемент НБ АБ - Абонемент НБ 20/02/2026 №05/16.02.2026 50.00     94(477).02 Т52 169372 20/02/2026   20/02/2026 Книги Колекція Шевчука Валерія 50.00
    Universal Decimal Classification     ЧЗ - Читальна зала ЧЗ - Читальна зала 24/01/2005     74823 6 94(477).02 Т52 74823 08/09/2025 04/09/2025 24/01/2005 Книги    
    Universal Decimal Classification     ЧЗ - Читальна зала ЧЗ - Читальна зала 24/01/2005     74824 11 94(477).02 Т52 74824 01/10/2025 29/09/2025 24/01/2005 Книги    
    Universal Decimal Classification     ЧЗ - Читальна зала ЧЗ - Читальна зала 24/01/2005     74825 13 94(477).02 Т52 74825 23/09/2025 15/09/2025 24/01/2005 Книги